Central Library OPAC University of Rajshahi

The yoga-system of Patañjali : (Record no. 30943)

MARC details
000 -LEADER
fixed length control field 01204nam a2200301 a 4500
001 - CONTROL NUMBER
control field 30943
003 - CONTROL NUMBER IDENTIFIER
rucl marc code BD-RjUL
005 - DATE AND TIME OF LATEST TRANSACTION
control field 20211209051635.0
008 - FIXED-LENGTH DATA ELEMENTS--GENERAL INFORMATION
fixed length control field 140412r19831914ii b 001 0 eng d
020 ## - INTERNATIONAL STANDARD BOOK NUMBER
International Standard Book Number 0895814072 (Cloth)
International Standard Book Number 0895816261 (Paper)
035 ## - SYSTEM CONTROL NUMBER
System control number (BD-RjUL)31030
040 ## - CATALOGING SOURCE
Original cataloging agency UkOxU
Language of cataloging eng
Transcribing agency UkOxU
Modifying agency BD-RjUL
041 ## - LANGUAGE CODE
Language code of text/sound track or separate title eng
082 04 - DEWEY DECIMAL CLASSIFICATION NUMBER
Classification number 181.452
Author mark and year PAY 1983
100 0# - MAIN ENTRY--PERSONAL NAME
Personal name Patañjali.
9 (RLIN) 94019
245 14 - TITLE STATEMENT
Title The yoga-system of Patañjali :
Remainder of title or, the ancient Hindu doctrine of concentration of mind embracing the mnemonic rules, called Yoga-sūtras, of Patañjali and the comment, called Yoga-bhāshya, attributed to Veda-Vyāsa and the explanation, called Tattva-vāiçāradī, of Vāchaspati-micra /
Statement of responsibility, etc. translated from the original Sanskrit by James Haughton Woods.
260 ## - PUBLICATION, DISTRIBUTION, ETC. (IMPRINT)
Place of publication, distribution, etc. Delhi :
Name of publisher, distributor, etc. Motilal Banarsidass,
Date of publication, distribution, etc. 1914 [Reprinted 1983].
300 ## - PHYSICAL DESCRIPTION
Pagination xli, 384 p. ;
Size 24 cm.
500 ## - GENERAL NOTE
General note First published : 1914.
504 ## - BIBLIOGRAPHY, ETC. NOTE
Bibliography, etc Includes bibliographic references.
600 00 - SUBJECT ADDED ENTRY--PERSONAL NAME
Personal name Patañjali.
650 #0 - SUBJECT ADDED ENTRY--TOPICAL TERM
Topical term or geographic name as entry element Yoga.
9 (RLIN) 50600
700 1# - ADDED ENTRY--PERSONAL NAME
Personal name Woods, James Haughton,
Dates associated with a name 1864-1935.
830 #0 - SERIES ADDED ENTRY--UNIFORM TITLE
Volume number/sequential designation v.17.
830 #0 - SERIES ADDED ENTRY--UNIFORM TITLE
Uniform title Harvard oriental series ;
942 ## - ADDED ENTRY ELEMENTS (KOHA)
Source of classification or shelving scheme Dewey Decimal Classification
Koha item type Books
Holdings
Lost status Source of classification or shelving scheme Damaged status Not for loan Permanent Location Current Location Shelving location Date acquired Source of acquisition Cost, normal purchase price Total Checkouts Full call number Date last seen Copy number Koha item type
  Dewey Decimal Classification   Not For Loan Central Library, University of Rajshahi Central Library, University of Rajshahi Reading Room 22/01/1985 Tulip 70.00   181.452 PAY 1983 12/04/2014 C-1 Books